000 00357nam a2200133Ia 4500
008 220204s9999 xx 000 0 und d
082 _a581.2
_bANN.10
245 0 _aAnnual review of phytopathology. V 10
260 _aCalifornia
_bAnnual Reviews Inc
_c1972
650 _aCoffee
650 _aIndian plant pathology
650 _aPhytopathology
942 _cBK
999 _c44920
_d44920